<?xml version="1.0" encoding="UTF-8"?>
<record
    xmlns:xsi="http://www.w3.org/2001/XMLSchema-instance"
    xsi:schemaLocation="http://www.loc.gov/MARC21/slim http://www.loc.gov/standards/marcxml/schema/MARC21slim.xsd"
    xmlns="http://www.loc.gov/MARC21/slim">

  <leader>00848naa a22001817i 4500</leader>
  <controlfield tag="003">KOSZ 005</controlfield>
  <controlfield tag="005">20180412125704.0</controlfield>
  <controlfield tag="008">160308s1995        ||||| ||||0|| 0 pol  </controlfield>
  <datafield tag="035" ind1=" " ind2=" ">
    <subfield code="a">PBN-R:249747</subfield>
  </datafield>
  <datafield tag="040" ind1=" " ind2=" ">
    <subfield code="c">KOSZ 005/md</subfield>
    <subfield code="a">PBN-ID</subfield>
  </datafield>
  <datafield tag="041" ind1="0" ind2=" ">
    <subfield code="a">pol</subfield>
  </datafield>
  <datafield tag="100" ind1=" " ind2=" ">
    <subfield code="a">KACALAK, Wojciech.</subfield>
    <subfield code="d">1970 - 1996.</subfield>
    <subfield code="b">Wy&#x17C;sza Szko&#x142;a In&#x17C;ynierska w Koszalinie - Wydzia&#x142; Mechaniczny,</subfield>
    <subfield code="c">Katedra Mechaniki Precyzyjnej</subfield>
  </datafield>
  <datafield tag="245" ind1="1" ind2="0">
    <subfield code="a">Algorytm rozmytej kompensacji nieregularnych zak&#x142;&#xF3;ce&#x144; w uk&#x142;adach precyzyjnego szlifowania /</subfield>
    <subfield code="c">Wojciech Kacalak.</subfield>
  </datafield>
  <datafield tag="260" ind1=" " ind2=" ">
    <subfield code="c">1995.</subfield>
  </datafield>
  <datafield tag="711" ind1=" " ind2=" ">
    <subfield code="a">Naukowa Szko&#x142;a Obr&#xF3;bki &#x15A;ciernej</subfield>
    <subfield code="n">(18 ;</subfield>
    <subfield code="d">1995 ;</subfield>
    <subfield code="c">Wroc&#x142;aw, Polska).</subfield>
  </datafield>
  <datafield tag="773" ind1="0" ind2="8">
    <subfield code="i">W:</subfield>
    <subfield code="t">Prace Naukowe Instytutu Technologii Maszyn i Automatyzacji Politechniki Wroc&#x142;awskiej - XVIII Naukowa Szko&#x142;a Obr&#xF3;bki &#x15A;ciernej. -</subfield>
    <subfield code="d">Wroc&#x142;aw : 1995. -</subfield>
    <subfield code="g">s, 217-222.</subfield>
  </datafield>
  <datafield tag="942" ind1=" " ind2=" ">
    <subfield code="c">ROZ</subfield>
    <subfield code="2">UKD</subfield>
  </datafield>
  <datafield tag="999" ind1=" " ind2=" ">
    <subfield code="c">7976</subfield>
    <subfield code="d">7976</subfield>
  </datafield>
</record>
